Five Largest Countries by Letter #2 - Statistics

General Stats
  • This quiz has been taken 194 times
  • The average score is 15 of 20
Answer Stats
IPSU % Correct
1 India
95%
2 Indonesia
91%
4 United Kingdom
88%
1 United States
86%
3 Iran
84%
4 Iraq
82%
2 Sudan
82%
2 Pakistan
81%
1 Peru
81%
3 Uzbekistan
79%
5 Uganda
78%
5 Poland
76%
5 Somalia
76%
3 South Africa
76%
4 South Sudan
74%
2 Ukraine
69%
5 Italy
68%
1 Saudi Arabia
63%
4 Paraguay
62%
3 Papua New Guinea
51%
No matching quizzes found
Score Distribution
Percent of People with Each Score
Percentile by Number Answered
Your Score History
You have not taken this quiz